Les entraîneurs de Premier League (2010-) - Statistiques

Statistiques générales
  • Ce quiz a été pris 303 fois
    47 depuis la dernière actualisation
  • Le résultat moyen est 65 sur 212
Statistiques - réponses
Années Nationalité Entraîneur % Correct
Arsenal 2010-2018 France Arsène Wenger
100%
Arsenal 2019- Espagne Mikel Arteta
95%
Arsenal 2018-2019 Espagne Unai Emery
93%
Aston Villa 2022- Espagne Unai Emery
93%
Manchester City 2016- Espagne Pep Guardiola
91%
Manchester United 2010-2013 Ecosse Sir Alex Ferguson
89%
Chelsea 2013-2015 Portugal José Mourinho
86%
Manchester United 2016-2018 Portugal José Mourinho
86%
Tottenham 2019-2021 Portugal José Mourinho
86%
Chelsea 2023-2024 Argentine Mauricio Pochettino
86%
Southampton 2013-2014 Argentine Mauricio Pochettino
86%
Tottenham 2014-2019 Argentine Mauricio Pochettino
86%
Chelsea 2016-2018 Italie Antonio Conte
82%
Tottenham 2021-2023 Italie Antonio Conte
82%
Liverpool 2015-2024 Allemagne Jürgen Klopp
82%
Brighton & Hove Albion 2022-2024 Italie Roberto De Zerbi
82%
Tottenham 2026- Italie Roberto De Zerbi
82%
Chelsea 2021-2022 Allemagne Thomas Tuchel
82%
Liverpool 2024- Pays-Bas Arne Slot
77%
Manchester United 2014-2016 Pays-Bas Louis van Gaal
75%
Chelsea 2010-2011 Italie Carlo Ancelotti
73%
Everton 2019-2021 Italie Carlo Ancelotti
73%
Fulham 2018-2019 Italie Claudio Ranieri
73%
Leicester City 2015-2017 Italie Claudio Ranieri
73%
Watford 2021-2022 Italie Claudio Ranieri
73%
Manchester United 2026- Angleterre Michael Carrick
70%
Tottenham 2026 Croatie Igor Tudor
68%
Chelsea 2026- Angleterre Liam Rosenior
68%
Chelsea 2019-2021 Angleterre Frank Lampard
66%
Chelsea 2023 Angleterre Frank Lampard
66%
Everton 2022-2023 Angleterre Frank Lampard
66%
Cardiff City 2014 Norvège Ole Gunnar Solskjaer
64%
Manchester United 2018-2021 Norvège Ole Gunnar Solskjaer
64%
Manchester City 2010-2013 Italie Roberto Mancini
64%
Manchester United 2024-2026 Portugal Ruben Amorim
64%
Manchester City 2013-2016 Chili Manuel Pellegrini
61%
West Ham 2018-2019 Chili Manuel Pellegrini
61%
Manchester United 2014 Pays de Galles Ryan Giggs
61%
Chelsea 2024-2026 Italie Enzo Maresca
57%
Nottingham Forest 2023-2025 Portugal Nuno Espirito Santo
57%
Tottenham 2021 Portugal Nuno Espirito Santo
57%
West Ham 2025- Portugal Nuno Espirito Santo
57%
Wolverhampton 2018-2021 Portugal Nuno Espirito Santo
57%
Chelsea 2012-2013 Espagne Rafael Benitez
57%
Everton 2021-2022 Espagne Rafael Benitez
57%
Newcastle United 2016 2017-2019 Espagne Rafael Benitez
57%
Brighton & Hove Albion 2019-2022 Angleterre Graham Potter
55%
Chelsea 2022-2023 Angleterre Graham Potter
55%
West Ham 2025 Angleterre Graham Potter
55%
Crystal Palace 2021-2023 France Patrick Vieira
55%
Aston Villa 2016 Italie Roberto Di Matteo
55%
Chelsea 2012 Italie Roberto Di Matteo
55%
Everton 2010-2013 Ecosse David Moyes
50%
Everton 2025- Ecosse David Moyes
50%
Manchester United 2013-2014 Ecosse David Moyes
50%
Sunderland 2016-2017 Ecosse David Moyes
50%
West Ham 2017-2018 Ecosse David Moyes
50%
West Ham 2019-2024 Ecosse David Moyes
50%
Burnley 2023-2024 Belgique Vincent Kompany
50%
Sunderland 2025- France Régis Le Bris
48%
Chelsea 2011-2012 Portugal André Villas-Boas
45%
Tottenham 2012-2013 Portugal André Villas-Boas
45%
Nottingham Forest 2025 Australie Ange Postecoglou
45%
Tottenham 2023-2025 Australie Ange Postecoglou
45%
Bournemouth 2015-2020 Angleterre Eddie Howe
45%
Newcastle United 2021- Angleterre Eddie Howe
45%
Manchester United 2022-2024 Pays-Bas Erik ten Hag
45%
Leicester City 2019-2023 Irlande du Nord Brendan Rodgers
43%
Liverpool 2012-2015 Irlande du Nord Brendan Rodgers
43%
Swansea City 2011-2012 Irlande du Nord Brendan Rodgers
43%
Chelsea 2018-2019 Italie Maurizio Sarri
43%
Leicester City 2017-2019 France Claude Puel
41%
Southampton 2016-2017 France Claude Puel
41%
Leeds United 2020-2022 Argentine Marcelo Bielsa
41%
Aston Villa 2021-2022 Angleterre Steven Gerrard
41%
Brentford 2021-2025 Danemark Thomas Frank
41%
Tottenham 2025-2026 Danemark Thomas Frank
41%
Bournemouth 2023- Espagne Andoni Iraola
34%
Chelsea 2015-2016 Pays-Bas Guus Hiddink
34%
Manchester United 2021-2022 Allemagne Ralf Rangnick
34%
Everton 2016-2017 Pays-Bas Ronald Koeman
34%
Southampton 2014-2016 Pays-Bas Ronald Koeman
34%
Crystal Palace 2024- Autriche Oliver Glasner
32%
Leicester City 2024-2025 Pays-Bas Ruud van Nistelrooy
32%
Crystal Palace 2017-2021 Angleterre Roy Hodgson
30%
Crystal Palace 2023-2024 Angleterre Roy Hodgson
30%
Liverpool 2010-2011 Angleterre Roy Hodgson
30%
Watford 2022 Angleterre Roy Hodgson
30%
West Bromwich Albion 2010-2012 Angleterre Roy Hodgson
30%
Burnley 2014-2015 2016-2022 Angleterre Sean Dyche
30%
Everton 2023-2025 Angleterre Sean Dyche
30%
Nottingham Forest 2025-2026 Angleterre Sean Dyche
30%
Southampton 2024 Ecosse Russell Martin
27%
Everton 2018-2019 Portugal Marco Silva
25%
Fulham 2022- Portugal Marco Silva
25%
Hull City 2017 Portugal Marco Silva
25%
Watford 2017-2018 Portugal Marco Silva
25%
Aston Villa 2015-2016 France Rémi Garde
25%
Crystal Palace 2016-2017 Angleterre Sam Allardyce
25%
Everton 2017-2018 Angleterre Sam Allardyce
25%
Leeds United 2023 Angleterre Sam Allardyce
25%
Sunderland 2015-2016 Angleterre Sam Allardyce
25%
West Bromwich Albion 2020-2021 Angleterre Sam Allardyce
25%
West Ham 2012-2015 Angleterre Sam Allardyce
25%
Everton 2013-2016 Espagne Roberto Martinez
23%
Wigan Athletic 2010-2013 Espagne Roberto Martinez
23%
Brighton & Hove Albion 2024- Allemagne Fabian Hürzeler
20%
West Ham 2024-2025 Espagne Julen Lopetegui
20%
Wolverhampton 2022-2023 Espagne Julen Lopetegui
20%
Liverpool 2011-2012 Ecosse Kenny Dalglish
20%
Leeds United 2025- Allemagne Daniel Farke
18%
Norwich City 2019-2020, 2021 Allemagne Daniel Farke
18%
Aston Villa 2010-2011 France Gérard Houllier
18%
Bournemouth 2022 Angleterre Scott Parker
18%
Burnley 2025- Angleterre Scott Parker
18%
Fulham 2019, 2020-2021 Angleterre Scott Parker
18%
Crystal Palace 2017 Pays-Bas Frank de Boer
16%
Bournemouth 2022-2023 Angleterre Gary O'Neil
16%
Wolverhampton 2023-2024 Angleterre Gary O'Neil
16%
Queens Park Rangers 2012-2013 2014-2015 Angleterre Harry Redknapp
16%
Tottenham 2010-2012 Angleterre Harry Redknapp
16%
Crystal Palace 2015-2016 Angleterre Alan Pardew
14%
Newcastle United 2010-2015 Angleterre Alan Pardew
14%
West Bromwich Albion 2017-2018 Angleterre Alan Pardew
14%
West Ham 2010-2011 Israël Avram Grant
14%
Aston Villa 2019-2021 Angleterre Dean Smith
14%
Leicester City 2023 Angleterre Dean Smith
14%
Norwich City 2021-2022 Angleterre Dean Smith
14%
Brentford 2025- Irlande Keith Andrews
14%
Tottenham 2021 Angleterre Ryan Mason
14%
West Bromwich Albion 2020 Croatie Slaven Bilic
14%
West Ham 2015-2017 Croatie Slaven Bilic
14%
Hull City 2012-2015 Angleterre Steve Bruce
14%
Newcastle United 2019-2021 Angleterre Steve Bruce
14%
Sunderland 2010-2011 Angleterre Steve Bruce
14%
Luton Town 2023-2024 Angleterre Rob Edwards
11%
Wolverhampton 2025- Angleterre Rob Edwards
11%
Blackburn Rovers 2010-2012 Ecosse Steve Kean
11%
Newcastle United 2015-2016 Angleterre Steve McLaren
11%
Aston Villa 2015 Angleterre Tim Sherwood
11%
Tottenham 2013-2014 Angleterre Tim Sherwood
11%
Nottingham Forest 2026- Portugal Vitor Pereira
11%
Wolverhampton 2024-2025 Portugal Vitor Pereira
11%
Leeds United 2022-2023 Etats-Unis Jesse Marsch
9%
Ipswich Town 2024-2025 Irlande du Nord Kieran McKenna
9%
Southampton 2022-2023 Pays de Galles Nathan Jones
9%
Southampton 2018-2022 Autriche Ralph Hasenhüttl
9%
Leicester City 2024 Pays de Galles Steve Cooper
9%
Nottingham Forest 2022-2023 Pays de Galles Steve Cooper
9%
Crystal Palace 2013-2014 Pays de Galles Tony Pulis
9%
Stoke City 2010-2013 Pays de Galles Tony Pulis
9%
West Bromwich Albion 2015-2017 Pays de Galles Tony Pulis
9%
Aston Villa 2011-2012 Ecosse Alex McLeish
7%
Birmingham City 2010-2011 Ecosse Alex McLeish
7%
Wolverhampton 2021-2022 Portugal Bruno Lage
7%
Fulham 2014 Allemagne Felix Magath
7%
Fulham 2010-2011 Pays de Galles Mark Hughes
7%
Queens Park Rangers 2012 Pays de Galles Mark Hughes
7%
Southampton 2018 Pays de Galles Mark Hughes
7%
Stoke City 2013-2018 Pays de Galles Mark Hughes
7%
Cardiff City 2018-2019 Angleterre Neil Warnock
7%
Crystal Palace 2014-2015 Angleterre Neil Warnock
7%
Queens Park Rangers 2011-2012 Angleterre Neil Warnock
7%
West Bromwich Albion 2012-2013 Ecosse Steve Clarke
7%
Norwich City 2015-2016 Ecosse Alex Neil
5%
Brighton & Hove Albion 2017-2019 Irlande Chris Hughton
5%
Newcastle United 2010 Irlande Chris Hughton
5%
Norwich City 2012-2014 Irlande Chris Hughton
5%
Sheffield United 2019-2021, 2023-2024 Angleterre Chris Wilder
5%
Everton 2017 Angleterre Craig Shakespeare
5%
Leicester City 2017 Angleterre Craig Shakespeare
5%
Southampton 2024-2025 Croatie Ivan Juric
5%
Fulham 2011-2013 Pays-Bas Martin Jol
5%
Southampton 2017-2018 Argentine Mauricio Pellegrino
5%
Wolverhampton 2010-2012 Irlande Mick McCarthy
5%
Burnley 2022 Angleterre Mike Jackson
5%
Bolton Wanderers 2010-2012 Ecosse Owen Coyle
5%
Aston Villa 2012-2015 Ecosse Paul Lambert
5%
Norwich City 2011-2012 Ecosse Paul Lambert
5%
Watford 2015-2016 Espagne Quique Sanchez Flores
5%
Watford 2019 Espagne Quique Sanchez Flores
5%
Fulham 2013-2014 Pays-Bas René Meulensteen
5%
Fulham 2018 Serbie Slavisa Jokanovic
5%
Wolverhampton 2012 Angleterre Terry Connor
5%
Watford 2021 Espagne Xisco
5%
Swansea City 2016-2017 Etats-Unis Bob Bradley
2%
Huddersfield Town 2017-2019 Etats-Unis David Wagner
2%
Sunderland 2013-2015 Uruguay Gustavo Poyet
2%
Blackpool 2010-2011 Angleterre Ian Holloway
2%
Huddersfield Town 2019 Allemagne Jan Siewert
2%
Leeds United 2023 Espagne Javi Gracia
2%
Watford 2018-2019 Espagne Javi Gracia
2%
Cardiff City 2013-2014 Ecosse Malky Mackay
2%
Hull City 2016-2017 Angleterre Mike Phelan
2%
Leicester City 2014-2015 Angleterre Nigel Pearson
2%
Watford 2019-2020 Angleterre Nigel Pearson
2%
Swansea City 2017 Angleterre Paul Clement
2%
West Bromwich Albion 2013-2014 Espagne Pepe Mel
2%
Watford 2016-2017 Italie Walter Mazzarri
2%
Middlesbrough 2016-2017 Espagne Aitor Karanka
0%
Reading 2012-2013 Angleterre Brian McDermott
0%
Swansea City 2017-2018 Portugal Carlos Carvalhal
0%
Sunderland 2015 Pays-Bas Dick Advocaat
0%
Swansea City 2015-2016 Italie Francesco Guidolin
0%
Swansea City 2014-2015 Angleterre Garry Monk
0%
Sunderland 2011-2013 Irlande du Nord Martin O'Neill
0%
Swansea City 2012-2014 Danemark Michael Laudrup
0%
Reading 2013 Angleterre Nigel Adkins
0%
Southampton 2012-2013 Angleterre Nigel Adkins
0%
Sunderland 2013 Italie Paolo Di Canio
0%
Sheffield United 2021, 2023 Angleterre Paul Heckingbottom
0%
Southampton 2023 Espagne Rubén Sellés
0%
Aucun quiz correspondant
Distribution des résultats
% des personnes avec chaque résultat
Percentile par nombre de réponses
Votre historique - résultats
Vous n’avez pas pris ce quiz depuis la dernière actualisation